000 00822cam a2200265 a 4500
999 _c6180
_d6180
001 12416494
003 OSt
005 20200104115633.0
008 010522s2002 maua b 001 0 eng
020 _a9780070486690
040 _coclc
082 0 0 _a332.6
_bBOD/I
100 _aBodie, Zvi
_91044
245 1 0 _aInvestments /
_cZvi Bodie ; Alex Kane ; Alan J. Marcus
250 _a5th ed.
260 _aNew Delhi:
_bMcGraw-Hill/Irwin,
_cc2002.
300 _a 1015 p
440 4 _aThe McGraw-Hill/Irwin series in finance, insurance, and real estate
504 _aIncludes bibliographical references and indexes.
650 0 _aInvestments.
650 0 _aPortfolio management.
700 1 _aKane, Alex,
_d1942-
700 1 _aMarcus, Alan J.
942 _2ddc
_cBK
_h332.6
_iBOD/I
_k332.6
_mBOD/I